الجديد في العقد الطبي : (رقم التسجيلة. 146335)
[ عرض عادي ]
| 000 -الفاتح | |
|---|---|
| عناصر البيانات ثابتة الطول | 00792cam a2200193 i 4500 |
| 005 - تاريخ ووقت آخر معاملة | |
| حقل ضبط | 20260122092229.0 |
| 008 - عناصر البيانات ثابتة الطول | |
| عناصر البيانات ثابتة الطول | 250721s2024 ua gr 000 0 ara d |
| 020 ## - الترقيم الدولي المعياري للكتب (ردمك) | |
| الترقيم الدولي المعياري للكتب (ردمك) | 9789778643398 |
| 082 14 - رقم تصنيف ديوي العشري | |
| رقم التصنيف | 344.041 |
| رقم المادة | ي و س |
| 100 1# - مدخل رئيسي – اسم شخصي | |
| الاسم الشخصي | يوسف، أمير فرج |
| علاقة الشخص بالعمل/ دوره | مؤلف. |
| 245 12 - بيان العنوان | |
| العنوان | الجديد في العقد الطبي : |
| بقية العنوان | طبقا لما استقر عليه الفقه والقضاء (دراسة مقارنة ) / |
| بيان المسؤولية | الدكتور امير فرج يوسف. |
| 250 ## - بيان الطبعة | |
| بيان الطبعة | الطبعة الاولى. |
| 264 31 - بيانات النشر، التوزيع…إلخ | |
| مكان النشر، التوزيع...إلخ | الاسكندرية : |
| اسم الناشر، الموزع...إلخ | مؤسسة المعرفة للنشر و التوزيع، |
| تاريخ النشر، التوزيع...إلخ | 2024. |
| 300 ## - الوصف المادي | |
| عدد الوحدات المكونة للوعاء | 290 صفحة. |
| 650 17 - مدخل إضافي بالموضوع - مصطلح موضوعي | |
| مصطلح موضوعي أو اسم جغرافي كعنصر مدخل | قانون الصحة العامة. |
| 650 17 - مدخل إضافي بالموضوع - مصطلح موضوعي | |
| مصطلح موضوعي أو اسم جغرافي كعنصر مدخل | الافراد الطبيون. |
| 942 ## - بيانات إضافية (كوها) | |
| نوع التنصيف | Dewey Decimal Classification |
| نوع المادة (كوها) | كتب |
| حالة السحب | حالة الفقدان | مصدر التصنيف | حالة التلف | غير قابل للإعارة | المكتبة الرئيسية | المكتبة الحالية | موقع الرف | تاريخ التزويد | الرقم المتسلسل | Total Checkouts | رقم الإستدعاء | الباركود | تاريخ آخر ظهور | تاريخ الفاتورة | نوع المادة (كوها) |
|---|---|---|---|---|---|---|---|---|---|---|---|---|---|---|---|
| Dewey Decimal Classification | المكتبة المركزية | المكتبة المركزية | الإعارة | 28/07/2025 | 1786028 | 344.041 / ي و س | PLD00509506 | 28/07/2025 | 28/07/2025 | كتب | |||||
| Dewey Decimal Classification | مكتبة صويلح العامة | مكتبة صويلح العامة | الإعارة | 04/07/2024 | 1786029 | 344.041/يوس | PLD00510719 | 28/07/2025 | 04/07/2024 | كتب |